Top 10 Tallest NBA Players - Statistics

General Stats
  • This quiz has been taken 21 times
  • The average score is 5 of 10
Answer Stats
Hint Answer % Correct
1. 7'7'' Manute Bol
89%
5. 7'6'' Yao Ming
83%
10. 7'4'' Victor Wembanyama
78%
2. 7'7'' Gheorghe Muresan
67%
9. 7'5'' Tacko Fall
56%
4. 7'6'' Shawn Bradley
44%
8. 7'5'' Sim Bhullar
28%
6. 7'5'' Chuck Nevitt
22%
3. 7'6'' Slavko Vranes
22%
7. 7'5'' Pavel Podkolzin
6%
No matching quizzes found
Score Distribution
Percent of People with Each Score
Percentile by Number Answered
Your Score History
You have not taken this quiz